Tuyển tập Bùi Hiển Tập 2

Zapisane w:
Opis bibliograficzny
1. autor: Bùi, Hiển
Format: Książka
Język:English
Wydane: Hà Nội Hội Nhà văn 2014
Seria:Tác phẩm văn học được giải thưởng Nhà nước
Hasła przedmiotowe:
Etykiety: Dodaj etykietę
Nie ma etykietki, Dołącz pierwszą etykiete!
Thư viện lưu trữ: Trung tâm Học liệu Lê Vũ Hùng, Trường Đại học Đồng Tháp
LEADER 00878pam a22002538a 4500
001 00042063
008 170505s1996 ||||||engsd
005 20180813150830.0
020 # # |a 9786045326183 
041 0 # |a Vie 
082 0 4 |b T527T  |a 895.922 334 
100 1 # |a Bùi, Hiển 
245 1 0 |a Tuyển tập Bùi Hiển  |c Bùi Hiển  |n Tập 2 
260 # # |a Hà Nội  |b Hội Nhà văn  |c 2014 
300 # # |a 443 tr.  |c 21 cm  |b ảnh 
490 # # |a Tác phẩm văn học được giải thưởng Nhà nước 
653 # # |a Giải thưởng 
653 # # |a Tiểu thuyết 
653 # # |a Tác phẩm 
653 # # |a Việt Nam 
653 # # |a Văn học hiện đại 
852 # # |j KM.0025514  |j KD.0024013  |j KM.0026134  |j KM.0025422 
910 |d 13/08/2018 
980 # # |a Trung tâm Học liệu Lê Vũ Hùng, Trường Đại học Đồng Tháp